000
00194nam a2200097Ia 4500
008
240331s9999 xx 000 0 und d
082
_b
ABU
100
_a
Abulkalam,A
245
0
_a
Gaana
942
_c
L
999
_c
4653
_d
4653